000 00471nam a2200181Ia 4500
003 STCL
008 221019s9999 xx 000 0 und d
020 _a9789350025000
_qHardbound
040 _aSTCL
_cSTCL
_bEN
082 _222
100 _aNilsen, Alf Gunvald
245 0 _aPolitics from below: essays on subalternity and resistance in India
260 _bAakar Books
_aDelhi
_c2017
300 _a228 p
365 _b695
546 _aEnglish
942 _cBK
_2DDC
_e22
999 _c87979
_d87979